000
00257nam a22001217a 4500
008
230703b xxu||||| |||| 00| 0 eng d
082
_a
349.6
_b
ndu
100
_c
EAPH
245
_a
Law in Zambia
260
_a
EAPHL
_c
1984
300
_a
308p
942
_2
ddc
_c
BK
999
_c
3199
_d
3199